000 00355nam a22001457a 4500
003 MACL
005 20190706162315.0
008 190706b xxu||||| |||| 00| 0 eng d
040 _c MACL
100 _aMalhotra, Rajiv
_975828
245 _aAcademic Hinduphobia
260 _aDelhi
_bVoice of India
_c2017
650 _aSocial
_975829
942 _2ddc
_cBK
999 _c60458
_d60458